000 00841nam a2200217Ii 4500
003 JO-AjNU
008 230605s9999||||xx |||||||||||||| ||und||
017 _a2004/20678
020 _a977-01-9395-X
040 _aJO-AjNU
_bara
_erda
_cJO-AjNU
041 _aara
050 1 4 _aPJ7741 2005
100 3 _aعبد الحميد، بكرى,
_eauthor
_952939
245 0 0 _aمسرحية دم السواقي
264 3 1 _aالقاهرة: الهيئة المصرية العامة للكتاب، 2005
300 _a72ص
_bجائزة محمد تيمور للابداع المسرحي لعام 2001/2002 الجائزة الثانية مناصفة
336 _atext
_btxt
_2rdacontent
337 _aunmediated
_bn
_2rdamedia
338 _avolume
_bnc
_2rdacarrier
650 4 _aالادب العربي - مسرحيات - العصر الحديث
_952940
999 _aA23480
_c27048
_d27048